| 000 | 01188nam a2200313 i 4500 | ||
|---|---|---|---|
| 001 | bg | ||
| 245 | 0 | 0 |
_aSłownik pojęć ekonomicznych. _n[Cz. 1], _pA-O / _c[red. prowadzący tomu Jadwiga Witecka ; przekł. haseł Ewa Frąckiewicz et al.]. |
| 260 |
_aWarszawa : _bWydawnictwo Naukowe PWN, _c2007. |
||
| 300 |
_a231 s. ; _c23 cm. |
||
| 490 | 1 |
_aBiblioteka Gazety Wyborczej. _pBiznes ; _vT. 9 |
|
| 521 | _aDla kadry zarządzającej : liderów i menedżerów, przedsiębiorców, a taże studentów. | ||
| 650 | 9 |
_aNauki ekonomiczne _xterminologia |
|
| 655 | _aSłowniki polsko-angielskie | ||
| 655 | _aSłowniki angielsko-polskie | ||
| 700 | 1 |
_aWitecka, Jadwiga. _eRed. |
|
| 700 | 1 |
_aFrąckiewicz, Ewa _c(organizacja i zarządzanie). _eTł. |
|
| 830 |
_aBiblioteka Gazety Wyborczej. _pBiznes ; |
||
| 020 | _a9788301152819 (całość) | ||
| 020 | _a9788301152796 (t. 9) | ||
| 040 | _cBPK | ||
| 041 | 1 |
_apol _beng _heng |
|
| 044 | _aPOL | ||
| 080 | _a33(038)=111=162.1 | ||
| 920 | _a978-83-01-15281-9 (całość) | ||
| 920 | _a978-83-01-15279-6 (t. 9) | ||
| 942 | _cKS | ||
| 008 | s pl f |000 0 pol | ||
| 999 |
_c54541 _d54541 |
||
| 856 |
_uhttp://koha.tu.koszalin.pl/cgi-bin/koha/opac-detail.pl?biblionumber=54541 _yKatalog online BPK |
||